| 000 | 00326nam a2200109Ia 4500 | ||
|---|---|---|---|
| 008 | 220214s9999 xx 000 0 und d | ||
| 100 | _aDastur Jehangir Fardunji | ||
| 245 | 0 | _aMemoirs of the Department of Agriculture in India: Phytophthora on Vinca rosea | |
| 260 |
_bBotanical Series _c1916 |
||
| 300 | _a233-241 | ||
| 942 | _cRE | ||
| 999 |
_c46199 _d46199 |
||